00361 2200133 4500001002100000008004100021035002000062245005800082100002200140260002900162300001300191084001400204990000900218INLIS000000000003964 Ind  a0010-0723000449 aAjaibnya Herbal dan Pijet RefleksicMB. Rahimsyah. AR aAR, MB. Rahimsyah aSurabaya:bMedia Pustaka a128 hlm. a003 AJA m a4050